000
00327nam a2200121Ia 4500
008
230303s9999 xx 000 0 und d
041
_a
eng
082
_a
621.815 JUN
100
_a
JUNEJA (B.L) SEKHON (G.S) SETH (NITIN)
245
_a
FUNDAMENTALS OF METAL CUTTING AND MACHINE TOOLS
260
_a
DELHI
_b
NEW AGE
365
_c
RS
999
_c
186659
_d
186659